| 000 | 01043nam a2200241Ia 4500 | ||
|---|---|---|---|
| 003 | SEM | ||
| 005 | 20250620102114.0 | ||
| 008 | 141116s1969 ai ||||gr||||||01|||arm|d | ||
| 040 |
_aSEM _cSEM |
||
| 041 |
_aarm _hrus |
||
| 080 | _a947.085/Վ-53 | ||
| 100 |
_aՎերտ, Ալեքսանդր _d(1901-1969) |
||
| 245 |
_aՌուսաստանը 1941-1945 թվականների պատերազմում / _cԱ. Վերտ ; Թարգմ.՝ Ս. Ս. Ավետիսյան ; Հ. Հ. Ջաղեթյան ; Ա. Ն. Սարգսյան ; Խմբ.՝ Բ. Բ. Ղուկասյան |
||
| 260 |
_aԵրևան : _b«Հայաստան», _c1969. |
||
| 300 |
_a979 էջ ; _c21 սմ |
||
| 650 |
_aՀայրենական մեծ պատերազմ _xՍովետական միություն _zՌուսաստան |
||
| 653 | _aՍԷՄ | ||
| 700 |
_aԱվետիսյան, Ս. Ս. _eթարգմ. _4trl. |
||
| 700 |
_aՋաղեթյան, Հ. Հ. _eթարգմ. _4trl. |
||
| 700 |
_aՍարգսյան, Ա. Ն. _eթարգմ. _4trl. |
||
| 700 |
_aՂուկասյան, Բ. Բ. _eխմբ. _4edt. |
||
| 942 |
_2udc _cBK |
||
| 999 |
_c47802 _d47802 |
||